ARRUPE JESUIT UNIVERSITY

CORONAVIRUS -STOP THE SPREAD - CLEAN,DISINFECT,COVER

Benjamin Franklin, (Record no. 123574)

MARC details
000 -LEADER
fixed length control field 00635cam a2200205u 4500
001 - CONTROL NUMBER
control field 7878084
003 - CONTROL NUMBER IDENTIFIER
control field ARRUPE
005 - DATE AND TIME OF LATEST TRANSACTION
control field 20151021143316.0
008 - FIXED-LENGTH DATA ELEMENTS--GENERAL INFORMATION
fixed length control field 810430s1946 nyu 000 0beng
010 ## - LIBRARY OF CONGRESS CONTROL NUMBER
LC control number 47001311
040 ## - CATALOGING SOURCE
Original cataloging agency DLC
Transcribing agency CarP
Modifying agency DLC
050 00 - LIBRARY OF CONGRESS CALL NUMBER
Classification number E302.6.F8
Item number B43
300 ## - PHYSICAL DESCRIPTION
Dimensions 22 cm.
100 1# - MAIN ENTRY--PERSONAL NAME
Personal name Becker, Carl L.
Fuller form of name (Carl Lotus),
Dates associated with a name 1873-1945.
9 (RLIN) 20415
245 00 - TITLE STATEMENT
Title Benjamin Franklin,
Remainder of title a biographical sketch
260 ## - PUBLICATION, DISTRIBUTION, ETC. (IMPRINT)
Place of publication, distribution, etc Ithaca, N.Y.,
Name of publisher, distributor, etc Cornell university press
Date of publication, distribution, etc [1946]
300 ## - PHYSICAL DESCRIPTION
Extent xi,49 p.;
600 10 - SUBJECT ADDED ENTRY--PERSONAL NAME
Personal name Franklin, Benjamin,
Dates associated with a name 1706-1790.
9 (RLIN) 17618
906 ## - LOCAL DATA ELEMENT F, LDF (RLIN)
a 0
b cbc
c premunv
d u
e ncip
f 19
g y-gencatlg
942 ## - ADDED ENTRY ELEMENTS (KOHA)
Source of classification or shelving scheme Library of Congress Classification
Koha item type Monograph ( Printed materials)
Holdings
Withdrawn status Lost status Source of classification or shelving scheme Damaged status Not for loan Collection code Home library Current library Shelving location Date acquired Total Checkouts Full call number Barcode Date last seen Price effective from Koha item type
    Library of Congress Classification     Main Collection ARRUPE LIBRARY ARRUPE LIBRARY Main Collection 21/10/2015   E302.6.F8B43 46500005654 13/12/2017 21/10/2015 Monograph ( Printed materials)

 

Arrupe Library. PO Box MP320 Mt Pleasant, Harare, Zimbabwe
263 242 745411|librarian@aju.ac.zw